| 000 | 00728cam a2200181 4500 | ||
|---|---|---|---|
| 001 | WS119502 | ||
| 008 | 020830n 000 0 eng u | ||
| 035 | _a(Sirsi) u119502 | ||
| 110 |
_aAssociation for Conflict Resolution _94108 |
||
| 245 | _aAssociation for Conflict Resolution | ||
| 520 | _aWeb site for this American professional organisation dedicated to enhancing the practice and public understanding of conflict resolution. Includes a learning centre and details of publications. | ||
| 650 | _aORGANISATION | ||
| 650 | _aCONFLICT RESOLUTION | ||
| 650 | _aUSA | ||
| 690 |
_aDispute resolution _96236 |
||
| 856 | 4 | 0 |
_uhttps://www.acresolution.org _zView the website free of charge at www.acresolution.org... |
| 942 | _n0 | ||
| 999 |
_c120191 _d120191 |
||